Teoría y práctica de la integración escolar: los limites del exito
שמור ב:
| מחבר ראשי: | |
|---|---|
| פורמט: | ספר |
| שפה: | ספרדית |
| יצא לאור: |
Málaga
Aljibe
1994
|
| סדרה: | Colección Educación para la Diversidad
|
| נושאים: | |
| תגים: |
הוספת תג
אין תגיות, היה/י הראשונ/ה לתייג את הרשומה!
|
MARC
| LEADER | 00000nam a2200000 a 4500 | ||
|---|---|---|---|
| 001 | UCQ1004 | ||
| 003 | CL-VaPUC | ||
| 008 | 980703e19940000SP |||||||||||||||||spa|d | ||
| 082 | 0 | 4 | |a 370.193 |b FOR |2 21 |
| 100 | 0 | |a Fortes Ramírez, Antonio |e author |9 414500 | |
| 245 | 1 | 0 | |a Teoría y práctica de la integración escolar: los limites del exito |
| 300 | |a 145 p | ||
| 942 | |c BK | ||
| 945 | |d 19980703 00:00:00 |a aalvarez | ||
| 260 | |a Málaga |b Aljibe |c 1994 | ||
| 650 | 0 | |a Integración escolar |9 312238 | |
| 650 | 7 | |a SEGREGACION ESCOLAR |2 CL-VaPUC |9 414501 | |
| 650 | 0 | |a Política educacional |9 308011 | |
| 583 | |a last modification |c 19980703 00:00:00 |k Rodrigo Vera | ||
| 490 | 0 | |a Colección Educación para la Diversidad | |
| 999 | |c 272016 |d 272014 | ||
| 952 | |0 0 |1 0 |4 0 |6 370_193000000000000_FOR_1994 |7 0 |8 A |9 306839 |a BIBEDU |b BIBEDU |d 2019-11-20 |i 3440117 |o 370.193 FOR 1994 |p 3440117 |r 2019-11-20 |w 2019-11-20 |y BK |k BME | ||